La Cautiva

Tallennettuna:
Bibliografiset tiedot
Päätekijä: Echeverría, Esteban (Tekijä)
Aineistotyyppi: Kirja
Kieli:espanja
Julkaistu: Buenos Aires Centro Editor de América Latina 1967
Sarja:Biblioteca Argentina Fundamental, 9
Aiheet:
Tagit: Lisää tagi
Ei tageja, Lisää ensimmäinen tagi!

MARC

LEADER 00000nam a2200000 a 4500
001 UCH6343
003 CL-VaPUC
008 091109e19670000AG |||||||||||||||||spa|d
082 0 4 |a Ar868  |b ECH  |2 21 
100 0 |a Echeverría, Esteban  |e author  |9 356322 
245 1 3 |a La Cautiva 
246 1 3 |a El Matadero y otros escritos 
300 |a 118 p 
942 |c BK 
945 |d 20091109 00:00:00  |a ccalabra 
260 |a Buenos Aires  |b Centro Editor de América Latina  |c 1967 
650 0 |a Literatura  |9 259151 
650 0 |a Literatura argentina  |9 320596 
650 7 |a POESIA ARGENTINA  |2 CL-VaPUC  |9 268280 
650 7 |a PROSA ARGENTINA  |2 CL-VaPUC  |9 320595 
650 7 |a ESCRITORES ARGENTINAS  |2 CL-VaPUC  |9 542765 
650 0 |a Narrativa  |9 336727 
650 0 |a Lectura  |9 307634 
651 0 |a Argentina  |9 254888 
583 |a last modification  |c 20091109 00:00:00  |k Rodrigo Vera 
490 0 |a Biblioteca Argentina Fundamental, 9 
999 |c 337248  |d 337246